Uso de verdeos invernales como antecesores de maíz para ensilaje en la zona de riego del valle medio del Río Negro /

Guardado en:
Autor Principal: Starnone, María Nazarena.
Autor Corporativo: Universidad Nacional del Sur. Departamento de Agronomía.
Otros Autores: Martínez, Marcela Fernanda, (tutor.)
Formato: Libro
Idioma:Spanish
Publicado: Bahía Blanca, 2017.
Materias:
Etiquetas: Agregar Etiqueta
Sin Etiquetas, Sea el primero en etiquetar este registro!
LEADER 00934nam a22002175a 4500
001 EEA.libagro010872
005 20181010090423.0
008 170703s2017####ag############000#0#spa#d
082 0 4 |a 633.15 
100 1 |a Starnone, María Nazarena. 
245 1 0 |a Uso de verdeos invernales como antecesores de maíz para ensilaje en la zona de riego del valle medio del Río Negro /  |c María Nazarena Starnone. 
260 |a Bahía Blanca,  |c 2017. 
300 |a 50 h. :  |b il. col., fot. col. ;  |c 30 cm. 
500 |a Trabajo de intensificación (Ingeniero Agrónomo) -- Universidad Nacional del Sur. Departamento de Agronomía, 2017. 
650 7 |a Ensilaje  |2 agrovoc 
650 7 |a Avena  |2 agrovoc 
650 7 |a Cebada  |2 agrovoc 
651 7 |a Río Negro (Argentina : Provincia) 
700 1 |a Martínez, Marcela Fernanda,  |e tutor. 
710 2 |a Universidad Nacional del Sur.  |b Departamento de Agronomía. 
859 |a AR-BbBCA  |b BIB. AGRONOMIA  |h 633.15  |i S795  |p 2017/6805